Coastal meteorology

Αποθηκεύτηκε σε:
Λεπτομέρειες βιβλιογραφικής εγγραφής
Κύριος συγγραφέας: Usu, S. A. (Shih-Ang)
Μορφή: Βιβλίο
Γλώσσα:English
Δημοσίευση: San Diego : Academic Press, c1988
Θέματα:
Ετικέτες: Προσθήκη ετικέτας
Δεν υπάρχουν, Καταχωρήστε ετικέτα πρώτοι!

MARC

LEADER 00000nam a2200000 i 4500
001 1/72247
008 990316s1988 eng d
020 |a 0-12-357955-4 
035 |l 10048518 
040 |a GR-MY-UA  |b gre  |e aacr 
041 0 |a eng 
082 0 |a 551.69146 
100 1 |a Usu, S. A. (Shih-Ang) 
245 1 0 |a Coastal meteorology /  |c S. A. Hsu 
260 |a San Diego :   |b Academic Press,   |c c1988 
300 |a 260 p.  |b fig. 
504 |a Bibliography: p. 248-256 
650 0 0 |a Marine meteorology. 
650 0 0 |a Coasts. 
852 |a INST  |b LESVOS  |e 19990316  |h 551.69146 HSU  |p 005100016970  |q 005100016970  |t BK  |y 0 
901 |a BIBL-1999-1 
909 |a Λ  |b 061545 
922 |a 1ΕΛΗ  |b 199811  |c ΚΠΣ/ΤΠ  |d ΠΑΠΑΣΩΤΗΡΙΟΥ 
950 |a 107-1998-07-18